000 00337nam a2200133Ia 4500
008 240624s9999 xx 000 0 und d
041 _aeng
082 _a823 GID
100 _aGIDWANI BHAGWAN S
245 _aMARCH OF THE ARYANS
260 _c2012
_aNew Delhi
_bPenguin Books
300 _axviii, : 657 : p. : cm. ; 20
365 _cRS
_b25
999 _c19951
_d19951